Science and society

Đã lưu trong:
书目详细资料
主要作者: Kaplan, Norman
格式: 图书
语言:Undetermined
出版: Chicago Rand McNally & Company 1965
主题:
标签: 添加标签
没有标签, 成为第一个标记此记录!
Thư viện lưu trữ: Trung tâm Học liệu Trường Đại học Cần Thơ
LEADER 00463nam a2200181Ia 4500
001 CTU_78582
008 210402s9999 xx 000 0 und d
082 |a 306.45 
082 |b K17 
100 |a Kaplan, Norman 
245 0 |a Science and society 
245 0 |c Norman Kaplan 
260 |a Chicago 
260 |b Rand McNally & Company 
260 |c 1965 
650 |a Science 
650 |x Social aspects 
980 |a Trung tâm Học liệu Trường Đại học Cần Thơ